Quiz Ciné/Série par lettre - F - Statistiques

Statistiques générales
  • Ce quiz a été pris 89 fois
  • Le résultat moyen est 9 sur 20
Statistiques - réponses
Questions Réponses % Correct
Adjectif pour décrire le destin d'Amélie Poulain Fabuleux
95%
Créature fictive créée par un scientifique à partir de cadavres Frankenstein
77%
Michael Youn en rappeur savoyard Fatal
74%
Elle est Haut Potentiel Intellectuel sur TF1 Audrey Fleurot
69%
Construction imaginaire opposée à la réalité Fiction
62%
Jean Marais l'incarne dans un film avec Louis de Funès Fantômas
58%
Son vrai nom est Fernand Contandin Fernandel
53%
Icône du cinéma d'horreur armé de griffes Freddy Krueger
50%
Actrice principale de "Panic Room" sortie en 2002 Jodie Foster
50%
Il est Voldemort dans Harry Potter Ralph Fiennes
43%
Série inspirée par un film des frères Cohen Fargo
42%
Rick Deckard dans Blade Runner Harrison Ford
39%
On lui doit "La Dolce Vita" ou encore "La Strada" Federico Fellini
36%
Il incarne le Pingouin dans la série de 2024 Colin Farell
35%
Réalisateur de "Panic Room" David Fincher
24%
Série télévisée vu sur Amazon Prime s'inspirant d'un jeu vidéo Fallout
23%
Réalisateur des deux premiers Iron-Man Jon Favreau
14%
Denzel Washington en pilote de ligne dans ce film de Robert Zemeckis Flight
12%
Philippe Petit en est un dans le film-documentaire de 2008 "Man on Wire" Funambule
11%
Ingénieur farfelu qui cherche à construire un opéra en pleine forêt amazonienne Fitzcarraldo
4%
Aucun quiz correspondant
Distribution des résultats
% des personnes avec chaque résultat
Percentile par nombre de réponses
Votre historique - résultats
Vous n’avez pas pris ce quiz